CONCACAF Champions Cup-Sieger - Statistiken

Allgemein
  • Dieses Quiz wurde 8 mal gespielt
  • Das Durchschnittsergebnis liegt bei 8 aus 29
Antwortstatistiken
Saison Land Club % Korrekt
2000 USA LA Galaxy
75%
2010/11 + 4 weitere Mexiko CF Monterrey
63%
1977 + 7 weitere Mexiko Club América
50%
1962 + 1 weitere Mexiko Deportivo Guadalajara
50%
1975 + 1 weitere Mexiko Atletico Español / Club Necaxa
38%
2022 USA Seattle Sounders
38%
2020 Mexiko UANL Tigres
38%
1969 + 6 weitere Mexiko CD Cruz Azul
25%
1972 + 1 weitere Honduras CD Olimpia
25%
1993 + 2 weitere Costa Rica CD Saprissa
25%
1983 + 1 weitere Mexiko CF Atlante
25%
2002 + 5 weitere Mexiko CF Pachuca
25%
1979 El Salvador Club Deportivo FAS
25%
2023 Mexiko Club León
25%
1968 + 1 weitere Mexiko Deportivo Toluca
25%
1986 + 1 weitere Costa Rica LD Alajuelense
25%
1973 + 1 weitere Suriname SV Transvaal
25%
1980 + 2 weitere Mexiko UNAM Pumas
25%
1967 El Salvador Alianza FC
13%
1976 El Salvador Club Deportivo Águila
13%
1991 Mexiko Club Puebla
13%
1994 Costa Rica CS Cartaginés
13%
1978 Guatemala CSD Comunicaciones
13%
1974 Guatemala CSD Municipal
13%
1998 USA D.C. United
13%
1978 + 1 weitere Trinidad und Tobago Defence Force FC
13%
1963 Haiti RC Haïtien
13%
1984 Haiti Violette AC
13%
1978 Mexiko Universidad Guadalajara
0%
Keine übereinstimmenden Quizze gefunden
Verteilung der Resultate
Anzahl Personen mit jedem Resultat
Perzentil nach korrekt beantworteten Fragen
Ihre Resultats-Entwicklung
Sie haben dieses Quiz noch nicht gespielt